000
00324 a2200157 4500
001
44247
020
_a
8585466766
040
_c
Anchieta - Aquarius
100
_a
Brunhoff, Jean de
240
1
0
_a
O rei Babar
_l
por
245
1
0
_a
O rei Babar
300
_a
362
0
_a
1997
650
4
_a
Literatura juvenil
942
_c
BK
999
_c
44247
_d
44247